| 000 | 00413pab a2200145 454500 | ||
|---|---|---|---|
| 008 | 180718b2001 xxu||||| |||| 00| 0 eng d | ||
| 100 | _aToner, Phillip | ||
| 245 | _aHistory versus equilibrium and the theory of economic growth by Mark Setterfield: a comment | ||
| 260 | _c2001 | ||
| 300 | _ap.97-102 | ||
| 362 | _aJan | ||
| 650 | _aEconomic growth | ||
| 773 | _aCambridge Journal of Economics | ||
| 909 | _a48304 | ||
| 999 |
_c48304 _d48304 |
||